000 02678nam a22002897a 4500
005 20120628151721.0
010 _aB-487186-192
020 _c500.00
035 _aB-487186-192
037 _bब्लूबेरी बुक्स
082 _a821
100 _aराना, रामनारायण सिंह
_954591
245 _aजनवाणी सीता;
_bनारी-दलित चेतना का अन्वेषणात्मक काव्य/
_c रामनारायण सिंह राना
260 _aनई दिल्ली
_bसम्यक प्रकाशन
_c2011
270 _a32/3, पश्चिम पुरी
_bनई दिल्ली
_e110063-8
_k9810249452
300 _a344 पृ.
_c22 सें.मी.(सजिल्द)
942 _2ddc
_cHN
_h821
_mरानारा
999 _c68241
_d68241